00880 2200325 4500001002100000005001500021035002000036007000300056040001700059100002800076245006300104250001200167300002700179041000800206082001100214084001700225090002400242264003700266336002100303337003000324338002300354650001100377850001000388008004100398020002200439500002500461700003600486990001600522990001600538INLIS00000000000842020260520015605 a0010-0922000909ta aSBPUPADbInd0 aImam RasjidiePengarang1 aDeteksi Dini Pencegahan Kanker Pada Wanita /cImam Rasjidi a.-cet.1 axxix,280 hlm ;c24,5cm07aInd a616.99 a616.99 IMA d a616.994 ELI k L18-3 a.--Jakarta :bSagung Seto,c2009 2rdacontentateks 2rdamediaatanpa perantara 2rdacarrieravolume 4aKanker aPUPAD260520 0  a978-602-3288-95-6 aIndeks, hlm. 277-2790 aEditor, Imam RasjidiePengarang a1070/B/2013 a1071/B/2013